000 00821cam a22002537a 4500
005 20220329141224.0
008 971010s1988 r 00010 d
010 _a64645
011 _a65617
035 _a72725
082 _a635.933
_bS5
100 0 0 _aSlack, Adrian.
_9106849
245 0 _aInsect-eating plants and how to grow them
260 _aWashington :
_bUniversity of Washington,
_c1988
300 _a172 p.
_b: ilus.
590 _aBATCH-UPD
_b10
_c20130110
_lUCH01
_h0637
590 _aBATCH-UPD
_b10
_c20130110
_lUCH01
_h2348
590 _aBATCH-UPD
_b10
_c20130410
_lUCH01
_h1635
590 _aBATCH-UPD
_b10
_c20130914
_lUCH01
_h1920
590 _aCONVERSION
_b10
_c20130109
_lUCH01
_h1335
650 1 4 _aPlantas insectívoras.
_989013
901 _aBK
949 _a635.933 S5
_bPA
_cLIBRO
_d-5445
_eLIBRO
_h1513
_i72725
_si
999 _c64645
_d64645